000 00281nam a2200109Ia 4500
008 200302s9999 xx 000 0 und d
100 _aPeter Cook
245 _aArchitectural Monographs No 28 Six Conversations
260 _bAcademy Editions Ltd.
260 _c1993
300 _a144 P.,
999 _c1186
_d1186